| 000 | 00896nam a2200205Ia 4500 | ||
|---|---|---|---|
| 003 | Ost | ||
| 005 | 20260507075025.0 | ||
| 008 | 260507s9999||||xx |||||||||||||| ||und|| | ||
| 040 | _cfsecg | ||
| 041 | _aara | ||
| 082 | _a330 | ||
| 100 |
_aالعريني، محمد فريد _eمؤلف |
||
| 245 | 0 |
_aالشركات التجارية : _bالمشروع التجاري الجماعي بين وحدة الإطار القانوني وتعدد الأشكال / _c محمد فريد العريني |
|
| 260 |
_aالإسكندرية: _bدار الجامعة الجديدة, _c2003 |
||
| 300 |
_a395 صفحة؛ _bإيضاحات ؛ _c24 سم |
||
| 520 | _aالنظرية العامة للشركة- الشركة كشخص معنوي- شركات الأشخاص-حل الشركة وانقضائها- شركات الأموال | ||
| 653 | _aالتجارة | ||
| 653 | _aالشركات | ||
| 942 | _cكتاب | ||
| 999 |
_c42324 _d42324 |
||